000 00900nam a22002297a 4500
003 UA-OsUOA
001 62234
007 ta
008 20090814b un ||||| |||| 00| 0 ukr d
100 _aЗакривидорога О.Д.
090 _a01
_bЗ-20
942 _cBK
040 _aUA-OsUOA
_bukr
_cUA-OsUOA
_dUA-OsUOA
245 _aОсновні друковані праці викладачів та співробітників Ужгородського державного університету (1946 - 1990 рр.)
_bБібліографічний покажчик.
_cБерцик І.І.
300 _a284 с.
955 _a0
041 _aukr
080 _a01
260 _aУжгород
_bРада Закарпатського товариства "Знання"
_c1991
650 7 _a01 Бібліографія і бібліографії. Каталоги
_2UDC
999 _c348324
_d348324